Specification for rubber-insulated cables for electric power and lighting. (Record no. 73134)

MARC details
000 -LEADER
fixed length control field 00376nam a2200133Ia 4500
245 #0 - TITLE STATEMENT
Title Specification for rubber-insulated cables for electric power and lighting.
260 ## - PUBLICATION, DISTRIBUTION, ETC. (IMPRINT)
Year of publication 1983
500 ## - GENERAL NOTE
General note Standard number: BS 6007
650 ## - SUBJECT ADDED ENTRY--TOPICAL TERM
Topical Term Electric power
650 ## - SUBJECT ADDED ENTRY--TOPICAL TERM
Topical Term Lighting
650 ## - SUBJECT ADDED ENTRY--TOPICAL TERM
Topical Term Rubber insulated cables
942 ## - ADDED ENTRY ELEMENTS (KOHA)
Koha item type Standards
Holdings
Withdrawn status Lost status Damaged status Not for loan Collection code Home library Current library Date acquired Koha item type
      Standards British standards RRII Library RRII Library 31/12/2021 Standards